书目信息 |
| 题名: |
后现代社会理论
|
|
| 作者: | 瑞泽尔 , Ritzer 著 ;谢立中 译 | |
| 分册: | ||
| 出版信息: | 北京 华夏出版社 2003 |
|
| 页数: | 396页 | |
| 开本: | 23cm | |
| 丛书名: | 二十一世纪高校经典教材译丛 | |
| 单 册: | ||
| 中图分类: | C91-06 | |
| 科图分类: | ||
| 主题词: | 后现代主义--社会学学派--高等学校--教材 , CT--S032258--后现代主义 , CT--S065537--社会学学派 | |
| 电子资源: | ||
| ISBN: | 7-5080-2837-6 | |
| 000 | 01458oam2 2200337 450 | |
| 001 | 002298125 | |
| 005 | 20070729091440.25 | |
| 010 | @a7-5080-2837-6@dCNY39.80 | |
| 035 | @a002298125 | |
| 100 | @a20030209d2003 emky0chiy0110 ea | |
| 101 | 1 | @achi@ceng |
| 102 | @aCN@b110000 | |
| 105 | @ay z 000yy | |
| 200 | 1 | @a后现代社会理论@Ahou xian dai she hui li lun@f(美)乔治·瑞泽尔(George Ritzer)著@g谢立中等译 |
| 210 | @a北京@c华夏出版社@d2003 | |
| 215 | @a396页@d23cm | |
| 225 | 2 | @a二十一世纪高校经典教材译丛@i社会学 |
| 314 | @a谢立中(1957~),湖南隆回人。北京大学社会学系教授、博士生导师。著有《社会发展二重奏》,主编有《西方社会学名著提要》等。 | |
| 314 | @a乔治·瑞泽尔(George Ritzer),美国马里兰大学社会学教授,曾任美国社会学会理论社会学分会主席。 | |
| 330 | @a本书对欧美国家中与后现代社会理论相关的诸多理论家的思想进行了介绍,并对西方后现代社会理论的起源和发展、社会理论与社会学理论的关系、后现代社会理论对社会学理论的启示以及后现代社会理论的未来发展趋势等问题进行了详细地探讨。 | |
| 462 | 0 | @1001002298152@12001 @a二十一世纪高校经典教材译丛@i社会学 |
| 510 | 1 | @aThe Theories of Post-Modernism@zeng |
| 606 | 0 | @a后现代主义@x社会学学派@x高等学校@j教材 |
| 606 | 0 | @2CT@3S032258@a后现代主义 |
| 606 | 0 | @2CT@3S065537@a社会学学派 |
| 690 | @aC91-06@v4 | |
| 701 | 1 | @a瑞泽尔@Arui ze er@bG.@4著 |
| 701 | 1 | @aRitzer@bGeorge@4著 |
| 702 | 0 | @a谢立中@9xie li zhong@4译 |
| 801 | 0 | @aCN@bWHC@c20070729 |
| 905 | @a10447@dC91-06@e622 | |
| 后现代社会理论/(美)乔治·瑞泽尔(George Ritzer)著/谢立中等译.-北京:华夏出版社,2003 |
| 396页;23cm.-(二十一世纪高校经典教材译丛.社会学) |
| ISBN 7-5080-2837-6:CNY39.80 |
| 本书对欧美国家中与后现代社会理论相关的诸多理论家的思想进行了介绍,并对西方后现代社会理论的起源和发展、社会理论与社会学理论的关系、后现代社会理论对社会学理论的启示以及后现代社会理论的未来发展趋势等问题进行了详细地探讨。 |
| ● |
| 相关链接 |
|
|
|
|
正题名:后现代社会理论
索取号:C91-06/622
 
预约/预借
| 序号 | 登录号 | 条形码 | 馆藏地/架位号 | 状态 | 备注 |
| 1 | 0784953 | 207849532 | 第一借阅区/ [索取号:C91-06/622] | 在馆 | |
| 2 | 0785154 | 207851546 | 第一样本阅览室/ [索取号:C91-06/622] | 在馆 | |
| 3 | 0785155 | 207851555 | 第一借阅区/ [索取号:C91-06/622] | 在馆 |